I shall not be moved / (Record no. 554)

MARC details
000 -LEADER
fixed length control field 00768cam a2200241 a 4500
005 - DATE AND TIME OF LATEST TRANSACTION
control field 20260322212024.0
008 - FIXED-LENGTH DATA ELEMENTS--GENERAL INFORMATION
fixed length control field data
010 ## - LIBRARY OF CONGRESS CONTROL NUMBER
LC control number 89043550
020 ## - INTERNATIONAL STANDARD BOOK NUMBER
International Standard Book Number 0394586182 :
Terms of availability {dollar}14.95
020 ## - INTERNATIONAL STANDARD BOOK NUMBER
International Standard Book Number 9780394586182 :
Terms of availability {dollar}14.95
040 ## - CATALOGING SOURCE
Original cataloging agency DLC
Transcribing agency DLC
Modifying agency DLC
050 00 - LIBRARY OF CONGRESS CALL NUMBER
Classification number PS3551.N464
Item number I17 1990
082 00 - DEWEY DECIMAL CLASSIFICATION NUMBER
Classification number 811/.54
Edition information 20
092 ## - LOCALLY ASSIGNED DEWEY CALL NUMBER (OCLC)
Classification number 811 I17 1990
001 - CONTROL NUMBER
control field data
100 1# - MAIN ENTRY--PERSONAL NAME
Personal name Angelou, Maya.
245 10 - TITLE STATEMENT
Title I shall not be moved /
Statement of responsibility, etc. Maya Angelou.
250 ## - EDITION STATEMENT
Edition statement 1st ed.
260 ## - PUBLICATION, DISTRIBUTION, ETC.
Place of publication, distribution, etc. New York :
Name of publisher, distributor, etc. Random House,
Date of publication, distribution, etc. c1990.
300 ## - PHYSICAL DESCRIPTION
Extent 48 p. ;
Dimensions 23 cm.
856 42 - ELECTRONIC LOCATION AND ACCESS
Materials specified Publisher description
Uniform Resource Identifier <a href="http://www.loc.gov/catdir/description/random0412/89043550.html">http://www.loc.gov/catdir/description/random0412/89043550.html</a>
856 42 - ELECTRONIC LOCATION AND ACCESS
Materials specified Contributor biographical information
Uniform Resource Identifier <a href="http://www.loc.gov/catdir/enhancements/fy0703/89043550-b.html">http://www.loc.gov/catdir/enhancements/fy0703/89043550-b.html</a>
Holdings
Withdrawn status Lost status Damaged status Not for loan Home library Current library Shelving location Date acquired Total checkouts Full call number Barcode Date last seen Price effective from Koha item type
        Pleasant Valley Pleasant Valley General stacks 22/03/2026   811/.54 20 BC0010567 22/03/2026 22/03/2026 Books